Bases y orientaciones generales para que los países centroamericanos participen conjuntamente en las negociaciones multilaterales del GATT
Guardado en:
| Hovedforfatter: | |
|---|---|
| Institution som forfatter: | |
| Format: | Texto |
| Udgivet: |
Ginebra:
UNCTAD
|
| Tags: |
Tilføj Tag
Ingen Tags, Vær først til at tagge denne postø!
|
MARC
| LEADER | 00000 a a2200000 04500 | ||
|---|---|---|---|
| 001 | 24140 | ||
| 003 | |||
| 040 | |||
| 090 | |a 170800 | ||
| 100 | |a Ossa, Alvaro de la | ||
| 110 | |a UNCTAD | ||
| 245 | |a Bases y orientaciones generales para que los países centroamericanos participen conjuntamente en las negociaciones multilaterales del GATT | ||
| 260 | |a Ginebra: |b UNCTAD | ||
| 300 | |a 31, 13 p. | ||
| 999 | |c 15835 |d 15835 | ||
